Михаил Васильевич Ломоносов: 1711-1765

Dettagli Bibliografici
Autore principale: Павлова Г. Е. Галина Евгеньевна
Ente Autore: Академия Наук СССР
Altri autori: Федоров А. С. Александр Сергеевич (редактор), Велихов Е. П. Евгений Павлович
Riassunto:К 275-летию со дня рождения М. В. Ломоносова
В суперобложке.
Lingua:russo
Pubblicazione: Москва, Наука, 1986
Serie:Научно-биографическая серия
Soggetti:
Natura: Libro
KOHA link:https://koha.lib.tpu.ru/cgi-bin/koha/opac-detail.pl?biblionumber=115602

MARC

LEADER 00000nam0a2200000 4500
001 115602
005 20231101215254.0
035 |a (RuTPU)RU\TPU\book\125027 
090 |a 115602 
100 |a 20070511d1986 m y0rusy50 ca 
101 0 |a rus 
102 |a RU 
105 |a abcez 011zd 
200 1 |a Михаил Васильевич Ломоносов  |e 1711-1765  |f Г. Е. Павлова, А. С. Федоров  |g Академия Наук СССР; под ред. Е. П. Велихова 
210 |a Москва  |c Наука  |d 1986 
215 |a 465 с., [2] вкл. л.  |c ил.  |d 20,5 см. 
225 1 |a Научно-биографическая серия 
300 |a К 275-летию со дня рождения М. В. Ломоносова 
300 |a В суперобложке. 
318 |5 63413507  |a Гений опередивший свое время. К 300-летию со дня рождения М. В. Ломоносова  |b выставка  |n 22 
320 |a Библиогр.: с. 454-456 
320 |a Примечания: с. 429-449 
320 |a Основные даты жизни и творчества М. В. Ломоносова: с. 450-453 
320 |a Именной указатель: с. 457-462. 
600 1 |a Ломоносов  |g Михаил Васильевич  |b М. В.  |c ученый-естествоиспытатель, поэт, историк, художник, деятель просвещения, науки и экономики  |f 1711-1765  |2 stltpush  |3 (RuTPU)RU\TPU\pers\975 
600 1 |a Вольф  |b Х. фон  |c барон  |c немецкий философ  |c математик  |c физик  |c профессор в Галле  |c ин. почетный чл. Петербургской Академии наук с 1725 г.  |f 1679-1754  |g Христиан фон  |2 stltpush  |3 (RuTPU)RU\TPU\pers\13255  |9 3928 
600 1 |a Эйлер  |g Леонард  |f 1717-1783  |b Л.  |c российский учёный швейцарского происхождения  |c математик  |c физик  |c механик  |c астроном  |2 stltpush  |3 (RuTPU)RU\TPU\pers\525 
600 1 |a Генкель  |b И.- Ф.  |c немецкий химик  |c металлург  |f 1679-1744  |g Иоганн Фридрих  |2 stltpush  |3 (RuTPU)RU\TPU\pers\19421  |9 7433 
610 1 |a Россия 
610 1 |a 17 век 
610 1 |a 18 век 
610 1 |a история науки 
610 1 |a химия 
610 1 |a физика 
610 1 |a астрономия 
610 1 |a геология 
610 1 |a минералогия 
610 1 |a кристаллография 
610 1 |a география 
610 1 |a метеорология 
610 1 |a мозаика 
610 1 |a естественные науки 
610 1 |a экономика 
610 1 |a русская литература 
610 1 |a Московский университет 
610 1 |a Петербургская Академия наук 
610 1 |a русская наука 
610 1 |a гуманитарные науки 
610 1 |a русское искусство 
610 1 |a техника 
610 1 |a филология 
610 1 |a источниковедение 
686 |a Ч213д  |v LBC/SL-A  |2 rubbk 
686 |a Ч611.68  |v LBC/SL-A  |2 rubbk 
700 1 |a Павлова  |b Г. Е.  |g Галина Евгеньевна 
701 1 |a Федоров  |b А. С.  |g Александр Сергеевич 
702 1 |a Велихов  |b Е. П.  |c академик РАН  |c вице-президент РАН  |f 1935-  |g Евгений Павлович  |2 stltpush  |3 (RuTPU)RU\TPU\pers\17147  |4 340 
712 0 2 |a Академия Наук СССР  |2 stltpush  |3 (RuTPU)RU\TPU\col\722 
801 1 |a RU  |b 63413507  |c 20070511  |g PSBO 
801 2 |a RU  |b 63413507  |c 20180112  |g PSBO 
942 |c BK